00670nam a2200181 a 4500008004100000020001500041050001600056100002100072245006700093250001200160260003100172300001400203350000900217700002000226995009300246999001700339952013200356120416s0000 ||||||||||||||||| || u a0070825467 aHF 5726 Ste aStewart, Marie M10aTeachers manual and key for business English and communication a2nd ed. aTorontobMcGraw-Hillc1977 aiv, 220p. a0.00 aZimmer, Kenneth D0.00FCBU-MAIN LIBRARY (Kitwe)H1I7.95M1UDAMAGEDZMain Library Open Access Collection c59462d59462 00102lcc4070a001b001cMain Library Open Access Collectiond2022-11-30l0oHF 5726 Step713248r2022-11-30w2022-11-30y002